00494nam a2200193 a 4500001001300000003000900013005001700022008004100039020002300080082001500103100001900118245002500137260004300162300000900205500003500214505001800249650001400267700001900281nice12345678IN_TiNIC20260116014025.0090129s2008 lona grp 000 0 eng  a0415321565 c39500a305.8bORE aOreilly, Karen aEthnographic Methods aLondon bRoutledge Chapman Hall c2008 a252p aincludes index and biblioraphy2 abiblio, index aEthnology1 aOreilly, Karen